U.S. States with the Most Coronavirus Patients Per Capita - Statistics

General Stats
  • This quiz has been taken 24 times
    8 since last reset
  • The average score is 8 of 15
Answer Stats
% of Total Population
(Rounded)
Cases per 1m People U.S. State % Correct
11.05% 110,521 Rhode Island
83%
14.30% 143,030 North Dakota
67%
13.16% 131,578 South Dakota
67%
11.20% 112,046 Tennessee
67%
11.82% 118,233 Arizona
50%
10.33% 103,333 Idaho
50%
9.71% 97,138 Indiana
50%
10.49% 104,912 Iowa
50%
9.74% 97,426 Kansas
50%
10.40% 104,024 Nebraska
50%
12.37% 123,671 Utah
50%
10.40% 104,034 Wisconsin
50%
10.14% 101,432 Arkansas
33%
10.28% 102,830 Nevada
33%
10.34% 103,432 Oklahoma
33%
No matching quizzes found
Score Distribution
Percent of People with Each Score
Percentile by Number Answered
Your Score History
You have not taken this quiz since the last reset